| 000 | 00785npc a2200217Ia 4500 | ||
|---|---|---|---|
| 001 | dp5/5-1242 [d000001201] | ||
| 003 | IT-MiCISF | ||
| 008 | 161014s9999||||xx | und|| | ||
| 040 |
_aIT-MiCISF _cIT-MiCISF |
||
| 041 | _aen | ||
| 100 | _aHattie Joe (a cura di) | ||
| 240 | _aMarriage and Family Preparation Course | ||
| 245 | 0 |
_aMarriage and Family Preparation Course _bEngaged Couple's Workbook |
|
| 250 | _a1a ed. | ||
| 260 |
_aVancouver _bOffice of Marriage and Family Formation _c1992 |
||
| 300 | _app. 75 | ||
| 500 | _a / pastorale-familiare, pastorale-prematrimoniale, preparazione-al-matrimonio, matrimonio-sacramento, ministero-coniugale, contraccezione, procreazione, valori / | ||
| 650 | _apastorale-familiare | ||
| 942 | _cDD | ||
| 957 | _71 | ||
| 999 |
_a1242 _bsi _g1 _c206452 _d206452 |
||